UBT Library

Calculus / (Record no. 40110)

000 -LEADER
fixed length control field 00831cam a2200277 a 4500
001 - CONTROL NUMBER
control field 16627431
005 - DATE AND TIME OF LATEST TRANSACTION
control field 20180111070518.0
008 - FIXED-LENGTH DATA ELEMENTS--GENERAL INFORMATION
fixed length control field 110127s2012 nyua b 001 0 eng
010 ## - LIBRARY OF CONGRESS CONTROL NUMBER
LC control number 2011921789
020 ## - INTERNATIONAL STANDARD BOOK NUMBER
International Standard Book Number 9781429208390 (cloth)
020 ## - INTERNATIONAL STANDARD BOOK NUMBER
International Standard Book Number 1429208392 (cloth)
020 ## - INTERNATIONAL STANDARD BOOK NUMBER
International Standard Book Number 9781429231916 (paper)
020 ## - INTERNATIONAL STANDARD BOOK NUMBER
International Standard Book Number 1429231912 (paper)
040 ## - CATALOGING SOURCE
Original cataloging agency DLC
Transcribing agency DLC
Modifying agency DLC
041 ## - LANGUAGE CODE
Language code of text/sound track or separate title eng
042 ## - AUTHENTICATION CODE
Authentication code pcc
080 ## - UNIVERSAL DECIMAL CLASSIFICATION NUMBER
Universal Decimal Classification number 510
082 ## - DEWEY DECIMAL CLASSIFICATION NUMBER
Edition number 510 ROG
100 1# - Rafti
Rafti 36
101 ## - Shkurtesa
Shkurtesa MAT
245 10 - TITLE STATEMENT
Title Calculus /
Statement of responsibility, etc Jon Rogawski.
504 ## - BIBLIOGRAPHY, ETC. NOTE
Bibliography, etc Includes bibliographical references (p. 119-122, 2nd group) and index.
906 ## - LOCAL DATA ELEMENT F, LDF (RLIN)
a 7
b cbc
c orignew
d 2
e epcn
f 20
g y-gencatlg
942 ## - ADDED ENTRY ELEMENTS (KOHA)
Source of classification or shelving scheme
Item type Books
Holdings
Withdrawn status Lost status Source of classification or shelving scheme Damaged status Not for loan Collection code Permanent location Current location Shelving location Date acquired Total Checkouts Full call number Barcode Date last seen Price effective from Koha item type
          Koleksioni i përgjithshem UBT - Lipjan UBT - Lipjan Koleksioni i përgjithshem 01/11/2018   510 ROG 002-2995031 01/11/2018 01/11/2018 Books
UBT Library © 2015-2024. All rights reserved University Education for Business and Technology